Canciones de YouTube más vistas de todos los tiempos - Estadísticas

Estadísticas generales
  • Esta prueba ha sido intentada 235 veces
  • La puntuación promedio es 3 de 20
Estadísticas de respuestas
# Canciones Vistas (En miles de millones) % Correcto
2. Despacito 8.49
94%
1. Baby Shark Dance 14.82
47%
10. Gangnam Style 5.22
37%
7. Shape of You 6.30
32%
20. Waka Waka (This Time for Africa) 3.99
26%
19. Roar 4.03
20%
6. See you again 6.33
19%
9. Uptown Funk 5.28
13%
17. Sugar 4.08
10%
18. Counting Stars 4.05
7%
12. Dame Tu Cosita 4.72
7%
13. Axel F 4.66
2%
4. Bath Song 6.79
2%
3. Johny Johny Yes Papa 6.94
2%
5. Wheels on the Bus 6.34
2%
15. Baa Baa Black Sheep 4.14
1%
16. Lakdi Ki Kathi 4.11
1%
11. Learning Colors - Colorful Eggs on a Farm 5.15
1%
14. Masha and the Bear - Recipe for Disaster 4.59
1%
8. Phonics Song with Two Words 5.90
1%
No se encontraron pruebas coincidentes
Distribución de puntuación
Porcentaje de gente con cada puntuación
Porcentaje por número respondido
Historial de tus puntuaciones
No has intentado esta prueba.